000 00605nam a22001817a 4500
005 20231206102645.0
010 _aENG-136132-39
020 _a9788194201830
_c695.00
035 _aEN-119664-71
037 _bDBAD/PUB
082 _a320.508
100 _aSingh,Jarnail
_959547
245 _aWith Four Prime Ministers:
_bMy PMO Journey/
_cBy Jarnail Singh
260 _aNew Delhi
_bKonark Publishers Pvt Ltd
_c2020
270 _a206, First Floor, Peacock Lane, Shahpur Jat
_bNew Delhi
_e110049
_mindia@konarkpublishers.com
300 _a288p.
_c24cm(hbk)
942 _2ddc
_cEN
_h320.508
_mJAR
999 _c194991
_d194991